| 000 | 00702cam a22002051i 4500 | ||
|---|---|---|---|
| 001 | ca 10005315 | ||
| 003 | DLC | ||
| 005 | 20260227111055.0 | ||
| 008 | 830302s1872 pau 000 0 eng | ||
| 010 | _aca 10005315 | ||
| 040 |
_aDLC _cCarP _dDLC |
||
| 050 | 0 | 0 |
_aHV7243 _b1872m |
| 110 | 2 | _aPennsylvania Prison Society. | |
| 245 | 0 | 0 | _aReport made to the Philadelphia society for alleviating the miseries of public prisons, |
| 260 |
_aPhiladelphia, _b[Press of J.B. Chandler] _c1872. |
||
| 300 |
_a101 p. _c25 cm. |
||
| 650 | 0 |
_aPrisons _vCongress. |
|
| 700 | 1 |
_aChandler, Joseph R. _q(Joseph Ripley), _d1792-1880. |
|
| 711 | 2 |
_aInternational Penal and Prison Congress _n(1st : _d1872 : _cLondon, England) |
|
| 999 |
_c14422 _d14422 |
||